Asamiya byakaranar maulik vicar (Record no. 2437)

MARC details
000 -LEADER
fixed length control field 00514cam a2200193ua 4500
001 - CONTROL NUMBER
control field 2586
005 - DATE AND TIME OF LATEST TRANSACTION
control field 20260515113530.0
008 - FIXED-LENGTH DATA ELEMENTS--GENERAL INFORMATION
fixed length control field 110829n ii |||gr||||Z||||||asm
040 ## - CATALOGING SOURCE
Transcribing agency MAIN
082 ## - DEWEY DECIMAL CLASSIFICATION NUMBER
Classification number 491.4515
100 ## - MAIN ENTRY--PERSONAL NAME
Personal name Goswami, Gulok Chandra,
245 11 - TITLE STATEMENT
Title Asamiya byakaranar maulik vicar
Statement of responsibility, etc. by Goluk Chandra Goswami
250 ## - EDITION STATEMENT
Edition statement 1st.
260 ## - PUBLICATION, DISTRIBUTION, ETC.
Place of publication, distribution, etc. Guahati:
Name of publisher, distributor, etc. Shri ramcharan bharali,987.
300 ## - PHYSICAL DESCRIPTION
Extent 155p:
Dimensions 23cm.
653 ## - INDEX TERM--UNCONTROLLED
Uncontrolled term Assamese grammar
653 ## - INDEX TERM--UNCONTROLLED
Uncontrolled term Asamiya byakaranar maulik vicar
942 ## - ADDED ENTRY ELEMENTS (KOHA)
Koha item type Books
Holdings
Withdrawn status Lost status Damaged status Not for loan Home library Current library Shelving location Date acquired Total checkouts Full call number Barcode Date last seen Copy number Price effective from Koha item type
        Naharkatiya College Library Naharkatiya College Library General stacks 09/19/2020   491.4515 | GOS 10173 09/19/2020 1 09/19/2020 Books
        Naharkatiya College Library Naharkatiya College Library General stacks 09/19/2020   491.4515 | GOS 10174 09/19/2020 2 09/19/2020 Books
        Naharkatiya College Library Naharkatiya College Library General stacks 09/19/2020   491.4515 | GOS 10175 09/19/2020 6 09/19/2020 Books
        Naharkatiya College Library Naharkatiya College Library General stacks 09/19/2020   491.4515 | GOS 10176 09/19/2020 5 09/19/2020 Books
        Naharkatiya College Library Naharkatiya College Library General stacks 09/19/2020   491.4515 | GOS 10177 09/19/2020 4 09/19/2020 Books
        Naharkatiya College Library Naharkatiya College Library General stacks 09/19/2020   491.4515 | GOS 10178 09/19/2020 3 09/19/2020 Books